000 00528nam a22001817a 4500
003 CEME
005 20210628204046.0
008 210107b xxu||||| |||| 00| 0 eng d
020 _a9781420075281
040 _cceme
082 _a621.4356 TAY
100 _aTaylor, Travis.S
_968509
245 _aIntroduction to rocket science and engineering
260 _aNEW YORK
_bCRC PRESS
_c2009
300 _aXIII,310P
650 _aROCKET SCIENCE AND ENGINEERING. ROCKETRY.SPACE ENGINEERING.SPACE SCIENCE.
_968510
942 _cBK
_2ddc
999 _c576071
_d576071